Представление документа в формате MARC21

Поле Инд. ПП Название Значение
Тип записи a
Библиографический уровень b
001 Контрольный номер RU/IS/BASE/441291890
005 Дата корректировки 20200522191632.3
008 Кодируемые данные 20131225
040 b Код языка каталог. rus
e Правила каталог. PSBO
041 0_ a Код языка текста rus
084 a Индекс другой классификации/Индекс ББК 65.050.2
100 1_ a Автор Скотаренко О.
245 10 a Заглавие Концептуальные модели социально-экономического развития регионов
504 a Библиография Лит. в конце статьи
520 a Аннотация В статье проведен анализ достоинств и недостатков основных концептуальных моделей экономического развития регионов, а также обозначена сущность управления социально-экономическим развитием.
650 14 a Основная рубрика региональная экономика
a Основная рубрика управление экономикой
a Основная рубрика экономика
653 1_ a Ключевые слова конкурентоспособность региона
a Ключевые слова конкурентоспособность экономики
a Ключевые слова макроэкономика
a Ключевые слова модели развития
a Ключевые слова модели экономического развития
a Ключевые слова неоклассическая теория роста
a Ключевые слова предпринимательство
a Ключевые слова развитие регионов
a Ключевые слова регионы России
a Ключевые слова Россия
a Ключевые слова социально-экономическое развитие
a Ключевые слова сырьевая теория
a Ключевые слова теория базового сектора экономики
a Ключевые слова теория гибкой специализации
a Ключевые слова теория межрегиональной торговли
a Ключевые слова теория полюсов роста
a Ключевые слова теория товарного цикла
a Ключевые слова теория экономических секторов
a Ключевые слова управление регионами
a Ключевые слова экономические модели
a Ключевые слова эффективность экономики
773 08 t Заглавие источника РИСК: ресурсы, информация, снабжение, конкуренция
d Дата издания источника 2012
g Прочая информация № 3. - С. 250 - 253 : табл., схем.
w Контрольный № источника RU/IS/BASE/407439363
901 t Тип документа b